LEADER 01406nam a2200325 u 4500 001 000000079498 003 CaOOAMICUS 005 20070226123538.0 008 040604s2003 it u000 u ita u 020 $a8877260610 035 $a10997909 040 $aPUL$bita 041 1 $aita$hfre 100 1 $aSaint Girons, Baldine.$0(OLS)http://pul/name/52954 245 10$aFiat lux :$buna filosofia del sublime /$cBaldine Saint Girons ; traduzione di Carmelo Calì e Rita Messori ; consulenza scientifica di Giovanni Lombardo. 260 $aPalermo :$bAesthetica,$cc2003. 300 $a418 p. ;$c21 cm 490 1 $aAesthetica ;$v61 500 $aContiene indici. 504 $aBibliografia in nota. 650 4$aEstetica$xCritica e interpretazione.$0(OLS)http://pul/subject/25285 700 1 $aLombardo, Giovanni.$0(OLS)http://pul/name/52955 830 0$aAesthetica ;$v61.$0(OLS)http://pul/title/104108 830 0$aAesthetica (Centro Internazionale Studi di Estetica).$0(OLS)http://pul/title/103996 850 $aPUL 852 $aPUL$W1$xSL Filosofia 3$y81$m111 SAIBA 1$j101721$nBK-PRI$qDDC 21$B101721$CPULBib$Z2$F101721 $H94798 $82 941 1 $a9 996 $6020$a8877260610$9(OLS)http://pul/number/104561 996 $6245$aFiat lux :$buna filosofia del sublime$9(OLS)http://pul/title/104107 996 $6260$aPalermo :$bAesthetica$9(OLS)http://pul/publisher/75651 LEADER 01239nam a2200265 u 4500 001 000000157337 003 CaOOAMICUS 005 20161212145916.0 008 161212s1969 gw u000 u ger u 032 $aLibriCat 035 $a10270027 040 $aPUL$bita 100 1 $aBouzon, Emmanuel.$0(OLS)http://pul/name/100363 245 14$aDie Prophetenkorporationen in Israel und im alten Orient : $bein Beitrag zur Geschichte der nebiistischen Bewegung (Auszug) /$cE. Bouzon. 260 $aMünster :$b[s.n.],$c1969. 300 $a43 p. ; $c20 cm. 502 $aEstratto da Tesi -- Pontificium Institutum Biblicum, Facultate Biblica. 1969. 504 $aBibliografia in nota a piè pagina. 630 04$aBiblia.$pV.T.$pProphetae$xCritica e interpretazione.$0(OLS)http://pul/subject/28065 850 $aPUL 852 $aPUL$W1$xDP1 Tesi Pon. Ist. Biblico$y33$mTH BIB 52$j180644$qTesi$B183762$CPULBib$Z2$F183762 $H33463 $82 941 1 $a16 996 $6245$aDie Prophetenkorporationen in Israel und im alten Orient : $bein Beitrag zur Geschichte der nebiistischen Bewegung (Auszug)$9(OLS)http://pul/title/196941 996 $6260$aMünster :$b[s.n.]$9(OLS)http://pul/publisher/59801